000 00362nam a2200157Ia 4500
008 230917s9999||||xx |||||||||||||| ||und||
040 _e80716
_aMAIN
041 _aEnglish
082 _a346.015 B788F
100 _aBromley, P M
245 0 _aFamily law
250 _a5th ed.
260 _aLondon
_bButterworths
_c1976
300 _axli, 683 p.
942 _cBK
999 _c187831
_d187831